| 000 | 00797nam a2200241 a 4500 | ||
|---|---|---|---|
| 001 | 51314 | ||
| 003 | BD-RjUL | ||
| 005 | 20211209075636.0 | ||
| 008 | 160830s19661916enk 000 0 eng d | ||
| 035 | _a(BD-RjUL)51434 | ||
| 040 |
_aHAM _cHAM _dZCU _dBD-RjUL _beng |
||
| 041 | _aeng | ||
| 082 |
_223 _a515.43 _bHAI 1966 |
||
| 100 | 1 | 0 |
_aHardy, G. H. _9132906 |
| 245 | 1 | 4 |
_aThe integration of functions of a single variable / _cby G. H. Hardy. |
| 250 | _a2d ed. | ||
| 260 |
_aCambridge : _bUniversity Press, _c1916 [reprinted] |
||
| 300 |
_aviii, 67 p. ; _c22 cm. |
||
| 490 | 1 |
_aCambridge tracts in mathematics and mathematical physics ; _vno. 2 |
|
| 650 | 0 |
_aCalculus, Integral. _9153465 |
|
| 830 | 0 |
_aCambridge tracts in mathematics and mathematical physics ; _vno. 2. _9153469 |
|
| 942 |
_2ddc _cBK |
||
| 999 |
_c51314 _d51314 |
||